Návrh riadenia prietoku vody pre model spojených nádrží laboratóriu UIAM
Guardado en:
| Autor principal: | |
|---|---|
| Otros Autores: | |
| Formato: | Manuscrito Libro |
| Lenguaje: | eslovaco |
| Publicado: |
2020
|
| Materias: | |
| Acceso en línea: | http://is.stuba.sk/zp/portal_zp.pl?podrobnosti=151885 |
| Etiquetas: |
Sin Etiquetas, Sea el primero en etiquetar este registro!
|
MARC
| LEADER | 00000ntm a22000003a 4500 | ||
|---|---|---|---|
| 001 | stuzp78259 | ||
| 003 | SK-STU | ||
| 005 | 20200704211839.1 | ||
| 007 | ta | ||
| 008 | 150427s2015----xo-----f-mn---000-0-slo-d | ||
| 040 | |a STU |b slo | ||
| 041 | 0 | |a slo | |
| 100 | 1 | |a Grachová, Silvia |u 066000 |k Z4 |4 aut |U MTF Materiálovotechnologická fakulta |T MTF Ústav aplikovanej informatiky, automatizácie a mechatroniky |X 62802 |U M6000 |Y 86 |7 62802 | |
| 242 | 0 | 1 | |a Control of water flow for connected tanks in the laboratory of UIAM |y eng |
| 245 | 1 | 0 | |a Návrh riadenia prietoku vody pre model spojených nádrží laboratóriu UIAM |
| 260 | |c 2020 | ||
| 650 | 4 | |a Matlab |2 slo | |
| 650 | 4 | |a PID regulátor |2 slo | |
| 650 | 4 | |a identifikácia |2 slo | |
| 650 | 4 | |a PID controller |2 eng | |
| 650 | 4 | |a Identification |2 eng | |
| 650 | 4 | |a Matlab |2 eng | |
| 700 | 1 | |a Flochová, Jana |u 066000 |k Z8 |4 ths |U MTF Materiálovotechnologická fakulta |T MTF Ústav aplikovanej informatiky, automatizácie a mechatroniky |X 3540 |U M6000 |Y 86 |7 3540 | |
| 856 | 4 | |u http://is.stuba.sk/zp/portal_zp.pl?podrobnosti=151885 | |
| 996 | |c M* DP-14212 |l MMSKP |s P |a 0 |w stuzp78259_0001 | ||